Rapid interpretation of EKG's : A programmed course
"Rapid Interpretation of EKGs" is simply the best. He explains intricate concepts with simplistic beauty, using a unique programmed learning style and original figures. If you don't learn "all there is to know" about EKGs from this book, you will never really understand them...
Sparad:
| Huvudupphovsman: | |
|---|---|
| Materialtyp: | Bok |
| Språk: | Undetermined |
| Publicerad: |
Tampa, Fla.
Cover Pub. Co.
1989
|
| Ämnen: | |
| Taggar: |
Lägg till en tagg
Inga taggar, Lägg till första taggen!
|
| Thư viện lưu trữ: | Trung tâm Học liệu Trường Đại học Cần Thơ |
|---|
| LEADER | 00944nam a2200217Ia 4500 | ||
|---|---|---|---|
| 001 | CTU_187130 | ||
| 008 | 210402s9999 xx 000 0 und d | ||
| 082 | |a 616.12 | ||
| 082 | |b D813 | ||
| 100 | |a Dubin, Dale | ||
| 245 | 0 | |a Rapid interpretation of EKG's : | |
| 245 | 2 | |b A programmed course | |
| 245 | 0 | |c Dale B. Dubin | |
| 260 | |a Tampa, Fla. | ||
| 260 | |b Cover Pub. Co. | ||
| 260 | |c 1989 | ||
| 520 | |a "Rapid Interpretation of EKGs" is simply the best. He explains intricate concepts with simplistic beauty, using a unique programmed learning style and original figures. If you don't learn "all there is to know" about EKGs from this book, you will never really understand them the rest of your career | ||
| 650 | |a Electrocardiography,Điện tim | ||
| 650 | |x Interpretation,Programmed instruction,Giải thích,Hướng dẫn lập trình | ||
| 910 | |a Hải | ||
| 980 | |a Trung tâm Học liệu Trường Đại học Cần Thơ | ||